<?xml version="1.0" encoding="UTF-8"?>
<collection xmlns="http://www.loc.gov/MARC21/slim">
    <record>
        <controlfield tag="001">98423</controlfield>
        <controlfield tag="005">20210128133202.0</controlfield>
        <datafield tag="024" ind1="8" ind2=" ">
            <subfield code="2">sideral</subfield>
            <subfield code="a">122185</subfield>
        </datafield>
        <datafield tag="037" ind1=" " ind2=" ">
            <subfield code="a">ART-2019-122185</subfield>
        </datafield>
        <datafield tag="041" ind1=" " ind2=" ">
            <subfield code="a">eng</subfield>
        </datafield>
        <datafield tag="100" ind1=" " ind2=" ">
            <subfield code="0">(orcid)0000-0001-5632-0351</subfield>
            <subfield code="a">Marron, S.E.</subfield>
        </datafield>
        <datafield tag="245" ind1=" " ind2=" ">
            <subfield code="a">Efficacy, safety and patient reported outcomes (PROS) in adult patients with atopic dermatitis treated with dupilumab at week-52 in usual clinical practice</subfield>
        </datafield>
        <datafield tag="260" ind1=" " ind2=" ">
            <subfield code="c">2019</subfield>
        </datafield>
        <datafield tag="506" ind1="0" ind2=" ">
            <subfield code="a">Access copy available to the general public</subfield>
            <subfield code="f">Unrestricted</subfield>
        </datafield>
        <datafield tag="520" ind1="3" ind2=" ">
            <subfield code="a">P15
Background: Dupilumab, an anti-interleikin-4-receptor-a monoclonal antibody, is a new treatment for atopic dermatitis in adults. 
Objective: To evaluate – at week 52 – patient reported outcomes, satisfaction, efficacy and safety, with dupilumab in adult patients with moderate-to-severe atopic dermatitis refractory to the usual treatments previously performed under conditions of usual clinical practice. 
Methods: Twelve patients were enrolled. Patients from our hospital, under routine clinical practice, were treated with subcutaneous dupilumab 300 mg every 2 weeks. The outcomes were evaluated at baseline, week 4, 8, 12, 16, 28 , 40 and week 52. The variables evaluated were: itch, difficulty to sleep, previous stressful life events, severity (SCORAD), anxiety and depression symptoms (HADS), quality of life (DLQI, EQ5D3L), satisfaction, adherence to the treatment, efficacy and safety. 
Results: At week 52 significant improvement was observed in severity, itch, difficulty to sleep, anxiety and depression symptoms, and quality of life. Satisfaction with dupilumab compared to previous treatments was significantly higher in all aspects assessed. No significant dupilumab-induced laboratory abnormalities were noted, and adverse events were mild and transient. 
Conclusions: Dupilumab used under routine clinical practice for 52 weeks improved atopic dermatitis signs and symptoms, with a good safety profile and patient satisfaction.</subfield>
        </datafield>
        <datafield tag="540" ind1=" " ind2=" ">
            <subfield code="9">info:eu-repo/semantics/openAccess</subfield>
            <subfield code="a">by-nc</subfield>
            <subfield code="u">http://creativecommons.org/licenses/by-nc/3.0/es/</subfield>
        </datafield>
        <datafield tag="590" ind1=" " ind2=" ">
            <subfield code="a">4.016</subfield>
            <subfield code="b">2019</subfield>
        </datafield>
        <datafield tag="591" ind1=" " ind2=" ">
            <subfield code="a">DERMATOLOGY</subfield>
            <subfield code="b">7 / 68 = 0.103</subfield>
            <subfield code="c">2019</subfield>
            <subfield code="d">Q1</subfield>
            <subfield code="e">T1</subfield>
        </datafield>
        <datafield tag="592" ind1=" " ind2=" ">
            <subfield code="a">1.01</subfield>
            <subfield code="b">2019</subfield>
        </datafield>
        <datafield tag="593" ind1=" " ind2=" ">
            <subfield code="a">Medicine (miscellaneous)</subfield>
            <subfield code="c">2019</subfield>
            <subfield code="d">Q1</subfield>
        </datafield>
        <datafield tag="593" ind1=" " ind2=" ">
            <subfield code="a">Dermatology</subfield>
            <subfield code="c">2019</subfield>
            <subfield code="d">Q1</subfield>
        </datafield>
        <datafield tag="655" ind1=" " ind2="4">
            <subfield code="a">info:eu-repo/semantics/conferenceObject</subfield>
            <subfield code="v">info:eu-repo/semantics/publishedVersion</subfield>
        </datafield>
        <datafield tag="700" ind1=" " ind2=" ">
            <subfield code="a">Alcalde-Herrero, V.M.</subfield>
        </datafield>
        <datafield tag="700" ind1=" " ind2=" ">
            <subfield code="a">García Latasa de de Aranibar, F.J.</subfield>
            <subfield code="u">Universidad de Zaragoza</subfield>
        </datafield>
        <datafield tag="700" ind1=" " ind2=" ">
            <subfield code="a">Moncin-Torres, C.A.</subfield>
        </datafield>
        <datafield tag="700" ind1=" " ind2=" ">
            <subfield code="a">Fuentelsaz del Barrio, M.V.</subfield>
        </datafield>
        <datafield tag="700" ind1=" " ind2=" ">
            <subfield code="0">(orcid)0000-0002-1691-3280</subfield>
            <subfield code="a">Alvarez-Salafranca, M.</subfield>
            <subfield code="u">Universidad de Zaragoza</subfield>
        </datafield>
        <datafield tag="700" ind1=" " ind2=" ">
            <subfield code="0">(orcid)0000-0003-1917-6906</subfield>
            <subfield code="a">Tomas-Aragones, L.</subfield>
            <subfield code="u">Universidad de Zaragoza</subfield>
        </datafield>
        <datafield tag="710" ind1="2" ind2=" ">
            <subfield code="1">4009</subfield>
            <subfield code="2">735</subfield>
            <subfield code="a">Universidad de Zaragoza</subfield>
            <subfield code="b">Dpto. Psicología y Sociología</subfield>
            <subfield code="c">Área Psicolog.Evolut.Educac</subfield>
        </datafield>
        <datafield tag="710" ind1="2" ind2=" ">
            <subfield code="1">1007</subfield>
            <subfield code="2">183</subfield>
            <subfield code="a">Universidad de Zaragoza</subfield>
            <subfield code="b">Dpto. Medicina, Psiqu. y Derm.</subfield>
            <subfield code="c">Área Dermatología</subfield>
        </datafield>
        <datafield tag="773" ind1=" " ind2=" ">
            <subfield code="g">99, 8 (2019), 751</subfield>
            <subfield code="p">Acta derm.-venereol.</subfield>
            <subfield code="t">ACTA DERMATO-VENEREOLOGICA</subfield>
            <subfield code="x">0001-5555</subfield>
        </datafield>
        <datafield tag="856" ind1="4" ind2="1">
            <subfield code="u">https://www.medicaljournals.se/acta/download/10.2340/00015555-3228/</subfield>
            <subfield code="z">Texto completo de la revista</subfield>
        </datafield>
        <datafield tag="856" ind1="4" ind2=" ">
            <subfield code="s">88579</subfield>
            <subfield code="u">http://zaguan.unizar.es/record/98423/files/texto_completo.pdf</subfield>
            <subfield code="y">Versión publicada</subfield>
        </datafield>
        <datafield tag="856" ind1="4" ind2=" ">
            <subfield code="s">4176705</subfield>
            <subfield code="u">http://zaguan.unizar.es/record/98423/files/texto_completo.jpg?subformat=icon</subfield>
            <subfield code="x">icon</subfield>
            <subfield code="y">Versión publicada</subfield>
        </datafield>
        <datafield tag="909" ind1="C" ind2="O">
            <subfield code="o">oai:zaguan.unizar.es:98423</subfield>
            <subfield code="p">articulos</subfield>
            <subfield code="p">driver</subfield>
        </datafield>
        <datafield tag="951" ind1=" " ind2=" ">
            <subfield code="a">2021-01-28-12:42:39</subfield>
        </datafield>
        <datafield tag="980" ind1=" " ind2=" ">
            <subfield code="a">ARTICLE</subfield>
        </datafield>
    </record>

    
</collection>